Vista normal
Vista MARC
Entrada Nombre personal
Número de registros utilizados en: 1
001 - NÚMERO DE CONTROL
- campo de control: 89763
003 - IDENTIFICADOR DEL NÚMERO DE CONTROL
- campo de control: DO-SdBNP
005 - FECHA Y HORA DE LA ÚLTIMA TRANSACCIÓN
- campo de control: 20260526100824.0
008 - DATOS DE LONGITUD FIJA
- campo de control de longitud fija: 260526|| aza||aabn | a|a d
040 ## - FUENTE DE LA CATALOGACIÓN
- Centro catalogador/agencia de origen: DO-SdBNP
- Lengua de catalogación: spa
- Centro/agencia transcriptor: BNPHU
- Normas de descripción: rda
100 ## - ENCABEZAMIENTO-NOMBRE DE PERSONA
- Nombre de persona: Nina Cruz, Geovanny
370 ## - LUGAR ASOCIADO
- Lugar de nacimiento: Santo Domingo, Republica Dominicana
- País asociado: España
372 ## - CAMPO DE ACTIVIDAD
- Campo de actividad: Derecho,
- Campo de actividad: Administración
373 ## - GRUPO ASOCIADO
- Grupo asociado: Universidad Autónoma de Santo Domingo
- Grupo asociado: Universidad Castilla-La Mancha, Toledo, España
375 ## - GÉNERO/SEXO
- Género/Sexo: Masculino
